000 00603nam a2200205Ia 4500
003 OSt
005 20230509105331.0
008 210423s2001 xx 000 0 und d
020 _a72165002
040 _cAL
041 _aeng
082 _a616.079
_223
_bZANH
100 _aZANE (Hannah D).
_9100474
245 _aImmunology: theoretical and practical concepts in laboratory medicine.
260 _aNew York
_bW B Saunders Company
_c2001
300 _axvi,366
_bPB
365 _b2286
_cINR
906 _aconcepts ; Immunology: ; laboratory ; medicine. ; practical ; theoretical
942 _2ddc
_cBK
999 _c163961
_d163961